000 00452nam a2200157 4500
001 148954
003 ES-MaACL
005 20230906202902.0
007 t|
008 070214q1948 sp r ||||1| spa d
100 1 _aSurió, Luis.
_9108833
245 1 0 _aEsquema del desarrollo histórico de la industria valenciana /
_cLuis Surió.
260 _aValencia :
_b[s. n.],
_c[1948?]
300 _a47 p. ;
_c16 cm.
852 _aES-MaACL
_j1940-F-1
_bR.32245
999 _c148954
_d148954